[Event "III Festival"]
[Site "Salsomaggiore Terme ITA"]
[Date "1999.05.06"]
[Round "1"]
[White "Tramalloni, Luca"]
[Black "Genocchio, Daniele"]
[Result "0-1"]
[WhiteElo "1909"]
[BlackElo "2247"]
[PlyCount "69"]
[EventDate "1999.05.06"]

1.d4 c5 2.d5 e6 3.c4 exd5 4.cxd5 d6 5.e4 g6 6.Nc3 Bg7 7.Nf3 Ne7 8.Bf4 a6 
9.a4 Bg4 10.Be2 Bxf3 11.Bxf3 Nd7 12.O-O Ne5 13.Re1 O-O 14.Bg4 Qb6 15.Qe2 
Rae8 16.Rab1 f5 17.Bh3 Qb4 18.Bd2 Nc4 19.Bf4 b5 20.axb5 axb5 21.Rec1 Nc8 
22.Qc2 fxe4 23.Bg3 Bh6 24.Re1 e3 25.Be6+ Kh8 26.fxe3 Bxe3+ 27.Kh1 Bd4 28.
Ne4 Re7 29.Rf1 Rfe8 30.Ng5 Qd2 31.Qxd2 Nxd2 32.Nf7+ Rxf7 33.Bxf7 Rf8 34.
Be6 Nxf1 35.Bxc8 0-1

[Event "III Festival"]
[Site "Salsomaggiore Terme ITA"]
[Date "1999.05.06"]
[Round "1"]
[White "Vujovic, Milorad"]
[Black "Pipitone, Antonio"]
[Result "1-0"]
[WhiteElo "2306"]
[BlackElo "2057"]
[PlyCount "81"]
[EventDate "1999.05.06"]

1.e4 c5 2.Nf3 d6 3.d4 cxd4 4.Nxd4 Nf6 5.Nc3 Nc6 6.Nb3 e6 7.g3 Be7 8.Bg2 
O-O 9.a4 a6 10.a5 Rb8 11.Be3 Nd7 12.O-O b5 13.axb6 Nxb6 14.Qe2 Bb7 15.Rfd1
Qc7 16.f4 Rfd8 17.Na4 Nxa4 18.Rxa4 Bf6 19.c3 Bc8 20.Qc4 Qb7 21.Ra3 e5 22.
f5 Ne7 23.Rd2 d5 24.Na5 Qd7 25.exd5 Nxf5 26.Bf2 Nd6 27.Qe2 Re8 28.c4 Bg5 
29.Rd1 Qc7 30.Nc6 Ra8 31.c5 Nb5 32.d6 Qd7 33.Nxe5 Nxa3 34.Bxa8 Qf5 35.bxa3
Rxe5 36.Qxe5 Qxe5 37.Re1 f6 38.Rxe5 fxe5 39.c6 Be6 40.c7 Kf7 41.Bd5 1-0

[Event "III Festival"]
[Site "Salsomaggiore Terme ITA"]
[Date "1999.05.07"]
[Round "2"]
[White "Barbafiera, Luigi"]
[Black "Prelati, Maurizio"]
[Result "0-1"]
[WhiteElo "1909"]
[BlackElo "2155"]
[PlyCount "86"]
[EventDate "1999.05.06"]

1.c4 Nf6 2.Nc3 g6 3.g3 Bg7 4.Bg2 O-O 5.Nf3 c5 6.O-O Nc6 7.e3 e6 8.d4 cxd4 
9.exd4 d5 10.b3 Ne4 11.Bb2 f5 12.cxd5 exd5 13.Ne5 Nxe5 14.Nxe4 dxe4 15.
dxe5 Be6 16.f4 exf3 17.Qxf3 Rf7 18.Rfd1 Qa5 19.Qc3 Qxc3 20.Bxc3 Rc8 21.Bd4
b6 22.Rd3 Rc2 23.a4 f4 24.Rad1 fxg3 25.hxg3 Bg4 26.Re1 Re7 27.b4 Be2 28.
Bd5+ Kh8 29.Re3 Bc4 30.Be4 Rd2 31.Bc3 Rd8 32.Bc6 Rc8 33.b5 Be6 34.Bb4 Rf7 
35.Rd3 a5 36.Bd6 h5 37.Rf1 Rxf1+ 38.Kxf1 Bc4 39.Ke2 Rd8 40.Be4 g5 41.Ke3 
Bxd3 42.Bxd3 h4 43.gxh4 gxh4 0-1

[Event "III Festival"]
[Site "Salsomaggiore Terme ITA"]
[Date "1999.05.07"]
[Round "2"]
[White "Barberi, Alessandro"]
[Black "Pegoraro, Nicola"]
[Result "1-0"]
[WhiteElo "2163"]
[BlackElo "2072"]
[PlyCount "109"]
[EventDate "1999.05.06"]

1.d4 Nf6 2.c4 c5 3.d5 e6 4.Nc3 exd5 5.cxd5 d6 6.e4 g6 7.Nf3 Bg7 8.Be2 O-O 
9.O-O Na6 10.Nd2 Nc7 11.a4 a6 12.a5 Re8 13.f3 Bd7 14.Qb3 Rb8 15.Nc4 Bb5 
16.Rd1 Bxc4 17.Bxc4 Nh5 18.g4 Bd4+ 19.Rxd4 cxd4 20.Ne2 Ng7 21.Bf4 Nb5 22.
Bxb5 axb5 23.Nxd4 Qf6 24.Qe3 Rbc8 25.g5 Qe7 26.Nxb5 Red8 27.Qd3 Nh5 28.Be3
Qe5 29.Qd2 Qe8 30.Na7 Ra8 31.Bd4 Qe7 32.b4 Rf8 33.b5 f6 34.gxf6 Nxf6 35.
Qg5 Rf7 36.Rc1 Nh5 37.Qxe7 Rxe7 38.Nc8 Rf7 39.Nxd6 Rxf3 40.Nxb7 Rb3 41.b6 
Rb4 42.Rd1 Nf4 43.Kf2 g5 44.Kf3 h5 45.Bf6 Rb3+ 46.Kf2 g4 47.d6 Nh3+ 48.Kg2
Nf4+ 49.Kf2 Nh3+ 50.Ke2 Nf4+ 51.Kf2 Nh3+ 52.Kg2 Nf4+ 53.Kh1 Nh3 54.Bh4 Rb2
55.d7 1-0

[Event "III Festival"]
[Site "Salsomaggiore Terme ITA"]
[Date "1999.05.07"]
[Round "2"]
[White "Caposciutti, Maurizio"]
[Black "Mrdja, Milan"]
[Result "1-0"]
[WhiteElo "2273"]
[BlackElo "2410"]
[PlyCount "67"]
[EventDate "1999.05.06"]

1.Nf3 c5 2.c4 Nc6 3.g3 g6 4.Bg2 Bg7 5.Nc3 Nh6 6.d3 Nf5 7.h4 h5 8.Bd2 O-O 
9.Rb1 b6 10.Ng5 Bb7 11.a3 d6 12.b4 Qd7 13.O-O e6 14.bxc5 dxc5 15.Nce4 Qe7 
16.Bc3 Bxc3 17.Nxc3 Kg7 18.Qd2 Rad8 19.Nf3 Ncd4 20.Nxd4 Nxd4 21.Bxb7 Qxb7 
22.a4 Nc6 23.Qg5 Qd7 24.Qf4 f6 25.Rb2 Qc8 26.Nb5 Rd7 27.Rfb1 f5 28.Qf3 e5 
29.Rb3 Rf6 30.Ra3 Qd8 31.Rba1 f4 32.Qe4 f3 33.exf3 Rdd6 34.Nc7 {...} 1-0

[Event "III Festival"]
[Site "Salsomaggiore Terme ITA"]
[Date "1999.05.07"]
[Round "2"]
[White "Digiugno, Franco"]
[Black "Sabatini, Carlo"]
[Result "1/2-1/2"]
[WhiteElo "2135"]
[BlackElo "1950"]
[PlyCount "99"]
[EventDate "1999.05.06"]

1.d4 Nf6 2.Nf3 d6 3.Bg5 Nbd7 4.Nbd2 g6 5.e4 e5 6.c3 Bg7 7.h3 O-O 8.Bc4 Qe8
9.Qe2 h6 10.dxe5 dxe5 11.Be3 Qe7 12.O-O Nh5 13.Rad1 b6 14.Bd5 Rb8 15.Bc6 
Nc5 16.b4 Ne6 17.Nc4 Nef4 18.Qd2 Ba6 19.b5 Rbd8 20.Qc2 Bc8 21.Bc1 Qe6 22.
Ne3 Bd7 23.Bxd7 Rxd7 24.c4 c6 25.Rxd7 Qxd7 26.Rd1 Qc7 27.Ba3 Re8 28.Bb2 
cxb5 29.cxb5 Qxc2 30.Nxc2 Nf6 31.Bxe5 Nxe4 32.Bxf4 Nc3 33.Rd7 Ne2+ 34.Kf1 
Nxf4 35.Rxa7 Rc8 36.Nfe1 Bf8 37.h4 Bc5 38.g3 Nd5 39.a4 Nc3 40.Ne3 Bxe3 41.
fxe3 Rc4 42.a5 bxa5 43.b6 Rb4 44.b7 Kg7 45.Nd3 Rb1+ 46.Kg2 Ne4 47.Ne5 Nd6 
48.Rxa5 Rxb7 49.Kf3 Re7 50.Rd5 1/2-1/2

[Event "III Festival"]
[Site "Salsomaggiore Terme ITA"]
[Date "1999.05.07"]
[Round "2"]
[White "Efimov, Igor"]
[Black "Everet, Alexandro"]
[Result "1/2-1/2"]
[WhiteElo "2494"]
[BlackElo "2253"]
[PlyCount "151"]
[EventDate "1999.05.06"]

1.d4 Nf6 2.c4 g6 3.Nc3 Bg7 4.e4 d6 5.Nf3 O-O 6.Be2 Re8 7.O-O c6 8.h3 h6 9.
Bf4 g5 10.Bh2 Nbd7 11.e5 dxe5 12.dxe5 Nh7 13.Qc2 Nhf8 14.Rad1 Ne6 15.Qe4 
Qc7 16.Bd3 Ndf8 17.Bb1 Qb6 18.b3 Nc5 19.Qe3 Nce6 20.Qe4 Nc5 21.Qe2 Be6 22.
h4 Bg4 23.hxg5 hxg5 24.Rde1 Nce6 25.Qe4 Bh5 26.Nxg5 Bg6 27.Qg4 Nxg5 28.
Bxg6 Nxg6 29.Qxg5 Qd4 30.Re3 Qh4 31.Qxh4 Nxh4 32.Rd1 Rad8 33.Red3 Rxd3 34.
Rxd3 Ng6 35.f4 f6 36.exf6 exf6 37.Kf1 Re7 38.f5 Nh8 39.Rd8+ Kh7 40.Rd4 Nf7
41.Ne4 Nh6 42.Nd6 b6 43.Nc8 Re8 44.Nxa7 Nxf5 45.Rd7 Ne3+ 46.Kf2 Ng4+ 47.
Kg3 f5 48.Nxc6 Kg6 49.Bg1 Bc3 50.Re7 Rh8 51.Bd4 Bxd4 52.Nxd4 Rd8 53.Nf3 
Rd6 54.Kf4 Kf6 55.Re2 Nh6 56.b4 Nf7 57.c5 bxc5 58.bxc5 Rd5 59.Rc2 Nd8 60.
c6 Ne6+ 61.Kg3 Rd8 62.a4 Ke7 63.Ne5 Rg8+ 64.Kf2 Kd6 65.Nf3 Nf4 66.Ne1 Nd5 
67.Kf3 Rg4 68.Ra2 Kxc6 69.Nd3 Rd4 70.Ra3 Nb6 71.a5 Nc4 72.Rc3 Kb5 73.Nf4 
Kxa5 74.Ne2 Ne5+ 75.Kf2 Re4 76.Ng3 1/2-1/2

[Event "III Festival"]
[Site "Salsomaggiore Terme ITA"]
[Date "1999.05.07"]
[Round "2"]
[White "Genocchio, Daniele"]
[Black "De Santis, Alessio"]
[Result "1-0"]
[WhiteElo "2247"]
[BlackElo "2356"]
[PlyCount "71"]
[EventDate "1999.05.06"]

1.e4 d6 2.f4 Nf6 3.d3 c5 4.Nf3 Nc6 5.g3 g6 6.Bg2 Bg7 7.O-O O-O 8.Nc3 Rb8 
9.a4 a6 10.h3 b5 11.g4 b4 12.Ne2 Nd7 13.Qe1 a5 14.Qg3 Ba6 15.Rd1 Qc7 16.h4
Nd4 17.Nexd4 cxd4 18.Qf2 b3 19.Nxd4 bxc2 20.Nxc2 Bxb2 21.Rb1 Bxc1 22.Rbxc1
Rfc8 23.Qe3 Nc5 24.Ne1 Qd7 25.f5 Qxa4 26.h5 Nb3 27.Rxc8+ Bxc8 28.hxg6 hxg6
29.d4 Rb4 30.Nf3 Kg7 31.e5 Bb7 32.exd6 exd6 33.Qg5 Nxd4 34.f6+ Kg8 35.Rxd4
Rxd4 36.Qh6 1-0

[Event "III Festival"]
[Site "Salsomaggiore Terme ITA"]
[Date "1999.05.07"]
[Round "2"]
[White "Komarov, Dimitri"]
[Black "Lagumina, Giulio"]
[Result "1-0"]
[WhiteElo "2588"]
[BlackElo "2282"]
[PlyCount "83"]
[EventDate "1999.05.06"]

1.d4 d5 2.c4 e6 3.Nf3 Nf6 4.Nc3 c6 5.e3 Nbd7 6.Qc2 Bd6 7.Bd3 O-O 8.O-O 
dxc4 9.Bxc4 Qe7 10.Bd2 e5 11.Bb3 e4 12.Ng5 Bxh2+ 13.Kxh2 Ng4+ 14.Kg1 Qxg5 
15.Qxe4 Ndf6 16.Qf4 Qxf4 17.exf4 Nh6 18.d5 Rd8 19.Rfe1 Nf5 20.Rad1 Nd4 21.
dxc6 Nxb3 22.cxb7 Bxb7 23.axb3 Nd5 24.Be3 Nxe3 25.fxe3 Kf8 26.Kf2 Ke7 27.
e4 Rxd1 28.Rxd1 Rb8 29.Re1 a6 30.Ke3 f5 31.exf5 Bxg2 32.Rg1 Ba8 33.Rxg7+ 
Kf6 34.Rxh7 Rxb3 35.Rh6+ Kxf5 36.Rxa6 Bb7 37.Ra5+ Ke6 38.Rb5 Rxb5 39.Nxb5 
Kd5 40.Nc3+ Kc4 41.Ne4 Bd5 42.Nd2+ 1-0

[Event "III Festival"]
[Site "Salsomaggiore Terme ITA"]
[Date "1999.05.07"]
[Round "2"]
[White "Lapiccirella, Mattia"]
[Black "Tramalloni, Luca"]
[Result "1-0"]
[WhiteElo "2077"]
[BlackElo "1909"]
[PlyCount "83"]
[EventDate "1999.05.06"]

1.d4 Nf6 2.c4 c5 3.d5 e6 4.Nc3 exd5 5.cxd5 d6 6.e4 g6 7.f4 Bg7 8.Nf3 O-O 
9.Be2 Re8 10.Nd2 a6 11.a4 Nbd7 12.O-O c4 13.Kh1 Nc5 14.e5 dxe5 15.fxe5 
Rxe5 16.Nxc4 Rf5 17.Bf3 Ng4 18.Ne3 Nxe3 19.Bxe3 Nd7 20.d6 Ne5 21.Nd5 Nc6 
22.Nb6 Re5 23.Bf2 Bd7 24.Nxa8 Qxa8 25.Qd2 Qe8 26.Bg3 Qe6 27.Bxe5 Qxe5 28.
Bd5 Nd4 29.Bxf7+ Kh8 30.Qf4 Qh5 31.Rae1 Ne2 32.Qf3 Bg4 33.Rxe2 Bxf3 34.
Re8+ Bf8 35.Rxf3 Kg7 36.Rxf8 Qe5 37.Bc4 Qxd6 38.R8f7+ Kh6 39.b3 b6 40.Rh3+
Kg5 41.Rhxh7 b5 42.h4+ 1-0

[Event "III Festival"]
[Site "Salsomaggiore Terme ITA"]
[Date "1999.05.07"]
[Round "2"]
[White "Natalucci, Fabrizio"]
[Black "Vujovic, Milorad"]
[Result "0-1"]
[WhiteElo "2225"]
[BlackElo "2306"]
[PlyCount "41"]
[EventDate "1999.05.06"]

1.d4 Nf6 2.Nf3 g6 3.c4 Bg7 4.Nc3 d6 5.h3 O-O 6.e4 Na6 7.Bg5 h6 8.Be3 c5 9.
d5 Nc7 10.Bd3 a6 11.Qd2 Kh7 12.e5 dxe5 13.Bxc5 Nd7 14.Be3 f6 15.Be2 b6 16.
O-O-O Nc5 17.d6 N7e6 18.dxe7 Qxe7 19.Nd5 Qa7 20.Nb4 Rb8 21.Qe1 {...} 0-1

[Event "III Festival"]
[Site "Salsomaggiore Terme ITA"]
[Date "1999.05.07"]
[Round "2"]
[White "Peric, Slavisa"]
[Black "Fercec, Nenad"]
[Result "0-1"]
[WhiteElo "2499"]
[BlackElo "2495"]
[PlyCount "86"]
[EventDate "1999.05.06"]

1.d4 Nf6 2.Nf3 e6 3.e3 b6 4.Bd3 Bb7 5.O-O Be7 6.c4 O-O 7.Nc3 d5 8.Qe2 c5 
9.cxd5 cxd4 10.exd4 Nxd5 11.a3 Nd7 12.Ne4 N5f6 13.Bd2 Rb8 14.Rac1 Nxe4 15.
Bxe4 Nf6 16.Bxb7 Rxb7 17.Bf4 Nd5 18.Be5 Bd6 19.Rc6 Bxe5 20.dxe5 Rc7 21.Qc4
Rxc6 22.Qxc6 Qe7 23.g3 h6 24.h4 Rd8 25.Rc1 g6 26.Kg2 Kg7 27.Rc2 Rd7 28.Qa4
Rc7 29.b4 Qd8 30.Qb3 Qc8 31.Nd4 Nc3 32.Kh2 b5 33.Qb2 Rc4 34.Qc1 a6 35.Qe3 
Qc7 36.Nb3 Nd5 37.Rxc4 bxc4 38.Nd4 c3 39.Qe2 a5 40.bxa5 Qxa5 41.Nc2 Qa4 
42.Kg2 h5 43.f4 Qxc2 0-1

[Event "III Festival"]
[Site "Salsomaggiore Terme ITA"]
[Date "1999.05.07"]
[Round "2"]
[White "Pipitone, Antonio"]
[Black "Bonetti, Marco"]
[Result "0-1"]
[WhiteElo "2057"]
[BlackElo "1902"]
[PlyCount "86"]
[EventDate "1999.05.06"]

1.e4 Nf6 2.e5 Nd5 3.d4 d6 4.Nf3 dxe5 5.dxe5 Bf5 6.Bc4 e6 7.O-O Be7 8.c3 
O-O 9.Qb3 Nb6 10.Rd1 Qe8 11.Bb5 c6 12.Be2 N8d7 13.Be3 Nc5 14.Bxc5 Bxc5 15.
a4 f6 16.c4 fxe5 17.Qc3 e4 18.Nd4 Qe7 19.a5 Nd7 20.Ra4 a6 21.b4 Bd6 22.Qd2
e3 23.Qxe3 Bxb1 24.Rxb1 e5 25.Nf3 c5 26.b5 e4 27.Nd2 Nf6 28.g3 Rae8 29.
bxa6 bxa6 30.Ra3 Be5 31.Nb3 Bd4 32.Nxd4 cxd4 33.Qb3 d3 34.Bd1 Nd7 35.c5+ 
Kh8 36.c6 Rb8 37.cxd7 Rxb3 38.Raxb3 e3 39.fxe3 Qxe3+ 40.Kg2 Rf2+ 41.Kh3 
Qh6+ 42.Kg4 Qe6+ 43.Kg5 h6+ 0-1

[Event "III Festival"]
[Site "Salsomaggiore Terme ITA"]
[Date "1999.05.07"]
[Round "2"]
[White "Rigo, Gianfrancesco"]
[Black "Collutiis, Duilio"]
[Result "0-1"]
[WhiteElo "2022"]
[BlackElo "2196"]
[PlyCount "68"]
[EventDate "1999.05.06"]

1.Nf3 d5 2.b3 Nf6 3.Bb2 c6 4.g3 Bg4 5.Bg2 Nbd7 6.O-O e6 7.d3 Bd6 8.Nbd2 
O-O 9.e4 Qc7 10.Qe1 e5 11.h3 Bh5 12.Nh4 Rfe8 13.Nf5 Bf8 14.Nf3 Bxf3 15.
Bxf3 d4 16.g4 g6 17.g5 gxf5 18.gxf6 Nxf6 19.exf5 Bh6 20.Kh1 Kh8 21.Rg1 c5 
22.Qe2 e4 23.dxe4 Qf4 24.b4 Qh4 25.Rg2 Nxe4 26.Bxe4 Rxe4 27.Qf3 c4 28.Rag1
c3 29.Ba1 Rae8 30.Rg4 Rxg4 31.Rxg4 Qe7 32.f6 Qe1+ 33.Rg1 Qe4 34.Kg2 Rg8+ 
0-1

[Event "III Festival"]
[Site "Salsomaggiore Terme ITA"]
[Date "1999.05.07"]
[Round "2"]
[White "Salami, Marco"]
[Black "Tencati, Giuseppe"]
[Result "1-0"]
[WhiteElo "2220"]
[BlackElo "2045"]
[PlyCount "97"]
[EventDate "1999.05.06"]

1.e4 e6 2.d3 d5 3.Nd2 Nf6 4.Ngf3 c5 5.g3 Nc6 6.Bg2 d4 7.a4 e5 8.Nc4 Bd6 9.
O-O Be6 10.Nh4 Bxc4 11.dxc4 Qc7 12.Nf5 Rg8 13.Bg5 O-O-O 14.Nxg7 Be7 15.Bh6
Bf8 16.Nf5 Bxh6 17.Nxh6 Rg6 18.Nf5 Kb8 19.Nh4 Rg7 20.Qf3 Nd7 21.Nf5 Rg6 
22.Rfd1 Nf8 23.Nh4 Rgd6 24.Qh5 Rf6 25.Qg5 Rfd6 26.Bh3 f6 27.Qh5 Ne7 28.Bg2
Neg6 29.Nf5 Rb6 30.Rab1 Qf7 31.Bf1 Qd7 32.b3 Ne6 33.Ne3 Qg7 34.Nd5 Ngf4 
35.Qf5 Nxd5 36.cxd5 Ng5 37.a5 Rbd6 38.b4 cxb4 39.Rxb4 Qd7 40.Rdb1 Rc8 41.
Rxb7+ Qxb7 42.Rxb7+ Kxb7 43.h4 Nf7 44.a6+ Kb8 45.Qxh7 Rc7 46.Qg8+ Rd8 47.
Qg6 Nd6 48.Qxf6 Nxe4 49.Qxd8+ 1-0

[Event "III Festival"]
[Site "Salsomaggiore Terme ITA"]
[Date "1999.05.07"]
[Round "2"]
[White "Voiska, Margarita"]
[Black "Bertino, Paolo"]
[Result "1-0"]
[WhiteElo "2364"]
[BlackElo "1888"]
[PlyCount "45"]
[EventDate "1999.05.06"]

1.c4 c5 2.Nc3 Nc6 3.g3 g6 4.Bg2 Bg7 5.Nf3 e6 6.d4 cxd4 7.Nb5 d5 8.cxd5 
Qa5+ 9.Nd2 Qxb5 10.dxc6 bxc6 11.a4 Qa6 12.Ne4 Ne7 13.Nd6+ Kf8 14.O-O Nd5 
15.e4 dxe3 16.fxe3 f5 17.e4 Ne7 18.exf5 exf5 19.Bg5 Qb6+ 20.Kh1 Ba6 21.Qe1
Qc7 22.Qe6 Nd5 23.Rfe1 1-0

[Event "III Festival"]
[Site "Salsomaggiore Terme ITA"]
[Date "1999.05.08"]
[Round "3"]
[White "Barberi, Alessandro"]
[Black "Efimov, Igor"]
[Result "0-1"]
[WhiteElo "2163"]
[BlackElo "2494"]
[PlyCount "54"]
[EventDate "1999.05.06"]

1.d4 Nf6 2.c4 d6 3.Nc3 Bf5 4.f3 e5 5.e4 Bd7 6.d5 Be7 7.Be3 Na6 8.Qd2 O-O 
9.O-O-O Nc5 10.g4 a6 11.Nge2 b5 12.Ng3 Rb8 13.cxb5 axb5 14.Nf5 b4 15.Ne2 
Ba4 16.Re1 Nfd7 17.Neg3 Re8 18.Nxe7+ Qxe7 19.Nf5 Qf8 20.Kb1 Rb7 21.b3 Ra8 
22.Bc4 Bb5 23.Bxb5 Rxb5 24.Rc1 Rba5 25.Bxc5 Nxc5 26.Rc2 Nxb3 27.Qg5 Nc5 
0-1

[Event "III Festival"]
[Site "Salsomaggiore Terme ITA"]
[Date "1999.05.08"]
[Round "3"]
[White "Bertino, Paolo"]
[Black "Natalucci, Fabrizio"]
[Result "1/2-1/2"]
[WhiteElo "1888"]
[BlackElo "2225"]
[PlyCount "27"]
[EventDate "1999.05.06"]

1.d4 d5 2.Nf3 f5 3.Bf4 Nf6 4.e3 e6 5.Be2 Bd6 6.Bxd6 Qxd6 7.O-O Nbd7 8.c4 
c6 9.Nc3 O-O 10.Rb1 Ne4 11.Qc2 Rf6 12.b4 Rh6 13.g3 Rf6 14.Rfd1 1/2-1/2

[Event "III Festival"]
[Site "Salsomaggiore Terme ITA"]
[Date "1999.05.08"]
[Round "3"]
[White "Bonetti, Marco"]
[Black "Salami, Marco"]
[Result "0-1"]
[WhiteElo "1902"]
[BlackElo "2220"]
[PlyCount "37"]
[EventDate "1999.05.06"]

1.e4 e6 2.d3 d5 3.Nd2 Nf6 4.g3 Bc5 5.Ngf3 dxe4 6.dxe4 Ng4 7.Bg2 Nxf2 8.Qe2
Nxh1 9.Bxh1 O-O 10.Nb3 Be7 11.Bd2 Qe8 12.O-O-O Qa4 13.Kb1 Bd7 14.Na5 Bb5 
15.Qe1 Nc6 16.b3 Qa3 17.Nxb7 Rab8 18.Bc1 Qa6 19.Nc5 0-1

[Event "III Festival"]
[Site "Salsomaggiore Terme ITA"]
[Date "1999.05.08"]
[Round "3"]
[White "Caposciutti, Maurizio"]
[Black "Komarov, Dimitri"]
[Result "1/2-1/2"]
[WhiteElo "2273"]
[BlackElo "2588"]
[PlyCount "70"]
[EventDate "1999.05.06"]

1.Nf3 d5 2.c4 d4 3.b4 g6 4.Bb2 Bg7 5.e3 e5 6.d3 Ne7 7.exd4 exd4 8.Nbd2 a5 
9.bxa5 c5 10.Nb3 Nd7 11.Bc1 O-O 12.Be2 Qc7 13.O-O b6 14.axb6 Nxb6 15.Ng5 
Na4 16.Bf3 Ra7 17.Re1 h6 18.Ne4 f5 19.Ng3 Nc6 20.Bf4 Qxf4 21.Bxc6 Nc3 22.
Ne2 Qd6 23.Nxc3 dxc3 24.Bd5+ Kh7 25.d4 cxd4 26.Nxd4 c2 27.Qd2 Qb6 28.Nb5 
Qa5 29.Qxa5 Rxa5 30.Rac1 Rxa2 31.Re2 Bd7 32.Rexc2 Rxc2 33.Rxc2 Rb8 34.Bf3 
Bxb5 35.cxb5 Rxb5 1/2-1/2

[Event "III Festival"]
[Site "Salsomaggiore Terme ITA"]
[Date "1999.05.08"]
[Round "3"]
[White "De Santis, Alessio"]
[Black "Prelati, Maurizio"]
[Result "1-0"]
[WhiteElo "2356"]
[BlackElo "2155"]
[PlyCount "91"]
[EventDate "1999.05.06"]

1.d4 Nf6 2.c4 g6 3.Nc3 Bg7 4.e4 d6 5.Be2 O-O 6.Bg5 Na6 7.Qd2 e5 8.d5 Qe8 
9.f3 Nh5 10.g4 Nf4 11.h4 f5 12.gxf5 gxf5 13.O-O-O Nc5 14.b4 Na4 15.Nb5 Qf7
16.Qc2 a6 17.Na3 Bd7 18.c5 h6 19.Bxf4 exf4 20.c6 b5 21.Nb1 Bb2+ 22.Kd2 
fxe4 23.cxd7 e3+ 24.Ke1 Qg7 25.Bf1 Qg3+ 26.Ke2 Qf2+ 27.Kd3 e2 28.Qxe2 Qd4+
29.Kc2 Qxb4 30.Qe6+ Kh8 31.Qxh6+ Kg8 32.Qe6+ Kh8 33.Bd3 Bg7 34.Rd2 Nb2 35.
Qe4 Qc5+ 36.Kb3 Nxd3 37.Qxd3 b4 38.Rc2 Qb6 39.Nh3 a5 40.Ka4 b3 41.Qxb3 Qa6
42.Qc4 Rfb8 43.Qxa6 Rxa6 44.Ng5 Rab6 45.d8=Q+ Rxd8 46.Nf7+ 1-0

[Event "III Festival"]
[Site "Salsomaggiore Terme ITA"]
[Date "1999.05.08"]
[Round "3"]
[White "Everet, Alexandro"]
[Black "Voiska, Margarita"]
[Result "1-0"]
[WhiteElo "2253"]
[BlackElo "2364"]
[PlyCount "110"]
[EventDate "1999.05.06"]

1.d4 Nf6 2.c4 c5 3.Nf3 cxd4 4.Nxd4 b6 5.Nc3 Bb7 6.f3 e6 7.e4 d6 8.Be3 Nbd7
9.Be2 Be7 10.O-O O-O 11.Qd2 a6 12.a3 Rc8 13.Rac1 Qc7 14.Rfd1 Qb8 15.Qe1 
Bd8 16.Nb3 Bc7 17.Qh4 Rfe8 18.Nd2 d5 19.Kh1 Be5 20.Bf2 Bxc3 21.Rxc3 dxe4 
22.Nxe4 Bxe4 23.fxe4 Nc5 24.Bf3 Rcd8 25.Rxd8 Rxd8 26.Bg3 e5 27.h3 h6 28.
Bh2 Rd2 29.b4 Nd3 30.Bg1 Qd8 31.Qg3 Ra2 32.c5 bxc5 33.bxc5 Ra1 34.Rc4 Qa5 
35.Bg4 Nxg4 36.hxg4 Nxc5 37.Qf2 Ne6 38.Rc8+ Nf8 39.Kh2 Rxg1 40.Qxg1 Qxa3 
41.Qa7 Qd6 42.Qa8 Qe7 43.Kh3 g6 44.Qxa6 Kg7 45.Qb5 h5 46.Re8 Qa3+ 47.Kh2 
Qc3 48.Qxe5+ Qxe5+ 49.Rxe5 hxg4 50.Kg3 Nd7 51.Ra5 Nf6 52.e5 Ne4+ 53.Kxg4 
Nf2+ 54.Kf3 Nd3 55.Rd5 Nb4 1-0

[Event "III Festival"]
[Site "Salsomaggiore Terme ITA"]
[Date "1999.05.08"]
[Round "3"]
[White "Lagumina, Giulio"]
[Black "Lapiccirella, Mattia"]
[Result "1-0"]
[WhiteElo "2282"]
[BlackElo "2077"]
[PlyCount "113"]
[EventDate "1999.05.06"]

1.d4 Nf6 2.c4 g6 3.Nc3 Bg7 4.e4 d6 5.f4 O-O 6.Nf3 c5 7.d5 e6 8.Be2 exd5 9.
cxd5 Re8 10.e5 dxe5 11.fxe5 Ng4 12.Bg5 f6 13.exf6 Bxf6 14.Qd2 Bxg5 15.Qxg5
Qxg5 16.Nxg5 Ne3 17.Kf2 Bf5 18.h3 h5 19.Bb5 Nd7 20.Ne6 Nc2 21.Bxd7 Re7 22.
Ba4 Nxa1 23.Rxa1 c4 24.Re1 a6 25.Bd1 b5 26.g4 hxg4 27.Bxg4 b4 28.Ne4 Bxe4 
29.Rxe4 Rd8 30.Ng5 Rc7 31.d6 Rxd6 32.Re8+ Kg7 33.Ne6+ Rxe6 34.Rxe6 c3 35.
bxc3 bxc3 36.Re1 Kf6 37.Rc1 Rb7 38.Rc2 Rb2 39.Bd1 Rb1 40.Ke2 Ra1 41.Rxc3 
Rxa2+ 42.Kf3 Rd2 43.Bc2 Rd6 44.Ra3 Rb6 45.Be4 Rd6 46.h4 Kg7 47.Kf4 Kf6 48.
Rg3 Kf7 49.Ke5 Re6+ 50.Kd4 Rb6 51.Bd5+ Kg7 52.Ke5 Rf6 53.Be4 Rb6 54.Rc3 
Kh7 55.h5 Rb5+ 56.Kf6 Kh6 57.hxg6 1-0

[Event "III Festival"]
[Site "Salsomaggiore Terme ITA"]
[Date "1999.05.08"]
[Round "3"]
[White "Mrdja, Milan"]
[Black "Collutiis, Duilio"]
[Result "1-0"]
[WhiteElo "2410"]
[BlackElo "2196"]
[PlyCount "97"]
[EventDate "1999.05.06"]

1.e4 c5 2.Nf3 e6 3.d4 cxd4 4.Nxd4 a6 5.Bd3 d5 6.e5 Nc6 7.Nxc6 bxc6 8.O-O 
Bc5 9.Qg4 Kf8 10.Nd2 h5 11.Qe2 g6 12.Nf3 Kg7 13.h4 Nh6 14.c4 Nf5 15.Bxf5 
gxf5 16.Bg5 Be7 17.Rfd1 Bxg5 18.Nxg5 Bb7 19.Rac1 Qb6 20.c5 Qb4 21.Nf3 a5 
22.Rd4 Ba6 23.Qc2 Qb5 24.Qd2 Rh6 25.b3 Qe2 26.Qc3 Rg6 27.Re1 Qb5 28.Ng5 
Bb7 29.Kh2 Bc8 30.Ra4 Bb7 31.f4 Rh6 32.Nf3 Qa6 33.Rd1 Rg6 34.Qd2 Rg4 35.g3
Kh6 36.Ng5 Kg6 37.Rc1 Qb5 38.Nf3 Qa6 39.Kg2 Bc8 40.Kf2 Kh6 41.Rc2 Rg8 42.
Nd4 Bd7 43.b4 Qb7 44.bxa5 Rgb8 45.Ra3 Qc7 46.Rb3 Rxb3 47.axb3 Rxa5 48.Ra2 
Rxc5 49.Qb4 1-0

[Event "III Festival"]
[Site "Salsomaggiore Terme ITA"]
[Date "1999.05.08"]
[Round "3"]
[White "Pegoraro, Nicola"]
[Black "Pipitone, Antonio"]
[Result "1/2-1/2"]
[WhiteElo "2072"]
[BlackElo "2057"]
[PlyCount "97"]
[EventDate "1999.05.06"]

1.e4 c5 2.Nf3 d6 3.d4 cxd4 4.Nxd4 Nf6 5.Nc3 Nc6 6.Be2 e6 7.Be3 Be7 8.O-O 
O-O 9.Kh1 e5 10.Nb3 Be6 11.f4 exf4 12.Bxf4 d5 13.exd5 Nxd5 14.Nxd5 Bxd5 
15.Bf3 Bxf3 16.Qxf3 Qb6 17.Qg3 Nd8 18.Be5 f6 19.Bc7 Qe6 20.Rae1 Qd7 21.Rd1
Qe6 22.Rfe1 Qf7 23.Rd7 Nc6 24.Na5 Ne5 25.Bxe5 fxe5 26.Qb3 Qxb3 27.Nxb3 Bf6
28.Kg1 Bd8 29.c4 b6 30.Rxe5 Bf6 31.Re2 Rf7 32.Rxf7 Kxf7 33.Kf2 Rd8 34.Kf3 
Rd1 35.c5 bxc5 36.Nxc5 h6 37.h3 Rd5 38.Ne4 Rd3+ 39.Kf4 g5+ 40.Kf5 Rd5+ 41.
Kg4 Kg7 42.Kf3 Rd3+ 43.Kf2 Bd4+ 44.Kf1 Be3 45.b3 Bd4 46.Nd6 Kf6 47.Ne4+ 
Kf7 48.Nd6+ Kf6 49.Ne4+ 1/2-1/2

[Event "III Festival"]
[Site "Salsomaggiore Terme ITA"]
[Date "1999.05.08"]
[Round "3"]
[White "Tencati, Giuseppe"]
[Black "Digiugno, Franco"]
[Result "0-1"]
[WhiteElo "2045"]
[BlackElo "2135"]
[PlyCount "106"]
[EventDate "1999.05.06"]

1.d4 d5 2.c4 e6 3.Nc3 c6 4.Nf3 Nf6 5.e3 Nbd7 6.b3 Bb4 7.Bd2 Bxc3 8.Bxc3 
Ne4 9.Qc2 Nxc3 10.Qxc3 O-O 11.Bd3 Qe7 12.O-O b6 13.Qc2 h6 14.e4 dxc4 15.
bxc4 Bb7 16.Qb2 Rfe8 17.Rfd1 Rac8 18.Rac1 Rc7 19.Bb1 Nf8 20.e5 Rd8 21.Be4 
f5 22.exf6 Qxf6 23.Qe2 Ng6 24.g3 Kh8 25.Ne5 Ne7 26.Rc3 Nf5 27.Rcd3 Kg8 28.
Qh5 Rf8 29.Rf3 Qg5 30.Qxg5 hxg5 31.Ra3 Ba8 32.Kg2 Nd6 33.Bf3 Nf5 34.Be4 
Rd8 35.Rad3 b5 36.c5 a5 37.a4 b4 38.Bxf5 exf5 39.Nc4 Bb7 40.Nxa5 Ba6 41.
Re3 Kf7 42.Rb3 Rb8 43.d5 cxd5 44.Rxd5 Bc8 45.Rd4 Rxc5 46.Rdxb4 Rxb4 47.
Rxb4 Rxa5 48.h4 gxh4 49.Rxh4 Bd7 50.Rf4 Bxa4 51.g4 g6 52.gxf5 gxf5 53.Kg3 
Kg6 0-1

[Event "III Festival"]
[Site "Salsomaggiore Terme ITA"]
[Date "1999.05.08"]
[Round "3"]
[White "Timpani, Nicola"]
[Black "Peric, Slavisa"]
[Result "0-1"]
[WhiteElo "2110"]
[BlackElo "2499"]
[PlyCount "62"]
[EventDate "1999.05.06"]

1.d4 d5 2.Nf3 c5 3.c3 Qc7 4.dxc5 Qxc5 5.Bf4 Nf6 6.e3 Nc6 7.h3 g6 8.Bd3 Bg7
9.Nbd2 O-O 10.e4 dxe4 11.Nxe4 Nxe4 12.Bxe4 Rd8 13.Qe2 Bxc3+ 14.Kf1 Bf6 15.
g4 Be6 16.Rc1 Qb4 17.a3 Qxb2 18.Qxb2 Bxb2 19.Rb1 Bxa3 20.Rxb7 Bd5 21.Bxd5 
Rxd5 22.Kg2 Bd6 23.Be3 a5 24.Rb6 Ne5 25.Rc1 Nxf3 26.Kxf3 a4 27.Rc2 a3 28.
Ra2 f5 29.Rb3 Ra4 30.Bc1 Kf7 31.Kg2 fxg4 0-1

[Event "III Festival"]
[Site "Salsomaggiore Terme ITA"]
[Date "1999.05.08"]
[Round "3"]
[White "Tramalloni, Luca"]
[Black "Rigo, Gianfrancesco"]
[Result "1/2-1/2"]
[WhiteElo "1909"]
[BlackElo "2022"]
[PlyCount "71"]
[EventDate "1999.05.06"]

1.d4 g6 2.c4 Bg7 3.Nc3 c5 4.d5 f5 5.Nf3 d6 6.e3 Nf6 7.Bd3 Nbd7 8.e4 fxe4 
9.Nxe4 Nxe4 10.Bxe4 Nf6 11.Bc2 O-O 12.O-O e5 13.Re1 Nh5 14.Ng5 Qe7 15.Nxh7
Rxf2 16.Kxf2 Qh4+ 17.Kg1 Kxh7 18.Rf1 Nf4 19.Bxf4 exf4 20.Rb1 Bd4+ 21.Kh1 
Bd7 22.Qe1 Qg5 23.Rxf4 Qxf4 24.Qe7+ Kh6 25.Qxd7 Rf8 26.Qh3+ Kg7 27.Qd3 Rf6
28.Qe2 g5 29.Bd3 Bf2 30.Qe7+ Rf7 31.Qe4 Qf6 32.Rf1 Qh6 33.Qe6 Rf6 34.Qe7+ 
Kh8 35.Qe8+ Kg7 36.Qe7+ 1/2-1/2